| 000 | 00585nam a2200169 i 4500 | ||
|---|---|---|---|
| 001 | 165102 | ||
| 003 | ES-MaACL | ||
| 005 | 20250811063203.0 | ||
| 008 | 050812s1894 sp | |||||||| ||spa d | ||
| 040 |
_aCAM _bspa _cCAM |
||
| 100 | 1 |
_aSeco de Lucena, Luis, _d1857-1941 _9159700 |
|
| 245 | 1 | 0 |
_aAnuario de Granada para 1894 / _cpor Luis Seco de Lucena. |
| 260 |
_a[Granada : _bs.n., _c1894?.] ( _fImprenta de El Defensor de Granada) |
||
| 300 |
_aXX, 595, 68 p. ; _c20 cm. |
||
| 852 |
_aES-MaACL _jB-2336 _z-- Enc. hol. conservando la cub. original |
||
| 999 |
_c165102 _d165102 |
||